[Event "It (Open) Moscow RUS"]
[Site "?"]
[Date "2006.02.14"]
[Round "8"]
[White "Nepomniachtchi Ian"]
[Black "Sengupta Deep"]
[Result "1-0"]
[WhiteElo "2506"]
[BlackElo "2401"]
[PlyCount "79"]
[EventDate "2006.??.??"]
[Source "www.chesslib.no"]
[SourceDate "2004.05.04"]

1. e4 e6 2. Nf3 d5 3. Nc3 Bb4 4. e5 Ne7 5. h4 h5 6. Ne2 Nf5 7. Nf4 Be7 8. Bd3 Nc6 9. Bxf5 exf5 10. d4 Be6 11. Rh3 a5 12. a4 Ra6 13. b3 Rb6 14. Kf1 Nb4 15. c3 Na6 16. Ba3 c5 17. Kg1 g6 18. Rg3 Bxh4 19. Nxh4 Qxh4 20. dxc5 Rc6 21. Nxe6 Rxe6 22. c6 bxc6 23. Bd6 Qd8 24. b4 h4 25. Rh3 g5 26. Qd3 g4 27. Rh1 Nb8 28. Qxf5 Nd7 29. Rb1 h3 30. bxa5 Qxa5 31. Qxg4 Rg6 32. Rxh3 Rhg8 33. Qf3 Rxg2+ 34. Qxg2 Rxg2+ 35. Kxg2 Nc5 36. Bxc5 Qxc5 37. Rb7 Kf8 38. e6 Kg7 39. Rxf7+ Kg6 40. Rg3+ 1-0

[Event "TCh-Europe u18"]
[Site "Balatonlelle"]
[Date "2003.07.20"]
[Round "2"]
[White "Gajewski, Grzegorz"]
[Black "Smirnov, Igor"]
[Result "1-0"]
[WhiteElo "2456"]
[BlackElo "2451"]
[PlyCount "63"]
[EventDate "2003.07.19"]
[Source "Roberto Alvarez"]
[SourceDate "2003.08.04"]

1. e4 e6 2. Nf3 d5 3. e5 c5 4. b4 cxb4 5. a3 Nh6 6. axb4 Bxb4 7. c3 Be7 8. d4 Nf5 9. Bd3 Nc6 10. O-O h5 11. Bxf5 exf5 12. h4 Be6 13. Bg5 O-O 14. Na3 a6 15. Nc2 b5 16. Nce1 b4 17. Bxe7 Qxe7 18. Ng5 g6 19. Nd3 bxc3 20. Nf4 Kg7 21. Rc1 Rh8 22. Rxc3 Nd8 23. Qb3 Ra7 24. Rfc1 Qb7 25. Qa3 Qb8 26. Rb3 Rb7 27. Rxb7 Qxb7 28. Qd6 Re8 29. Rc7 Qb1+ 30. Kh2 Kg8 31. Ngxe6 Nxe6 32. Qd7 1-0

[Event "OHRA-B"]
[Site "Amsterdam"]
[Date "1985.??.??"]
[Round "2"]
[White "Lombardy, William James"]
[Black "Bohm, Hans"]
[Result "1/2-1/2"]
[WhiteElo "2510"]
[BlackElo "2395"]
[PlyCount "107"]
[EventDate "1985.07.??"]
[Source "ChessBase"]

1. e4 e6 2. Nf3 d5 3. Nc3 Nf6 4. e5 Ne4 5. Ne2 Be7 6. d3 Ng5 7. Nxg5 Bxg5 8. Bxg5 Qxg5 9. f4 Qe7 10. Qd2 c5 11. g3 Bd7 12. Bg2 Bc6 13. d4 Bb5 14. Nc3 Bc4 15. dxc5 Qxc5 16. Na4 Qe7 17. b3 Ba6 18. a3 Nc6 19. Qe3 O-O 20. Kf2 Rac8 21. Rhd1 b6 22. c4 dxc4 23. b4 Bb7 24. Nc3 Nd8 25. Be4 Bxe4 26. Nxe4 Nb7 27. Rd4 Rfd8 28. Rad1 h6 29. Qc3 b5 30. Ke3 Rxd4 31. Rxd4 Qc7 32. Qd2 Qb6 33. Kf3 Qc6 34. Ke3 Kf8 35. Nc3 Ke7 36. Qd1 Qb6 37. Kf3 a6 38. Ke4 Qc6+ 39. Ke3 Qb6 40. Kf3 Qc6+ 41. Ke3 Rd8 42. Rxd8 Nxd8 43. Qd4 Qh1 44. Qa7+ Ke8 45. Ne2 Qb7 46. Qxb7 Nxb7 47. a4 bxa4 48. Kd4 f6 49. Nc3 a3 50. exf6 gxf6 51. Kxc4 Nd6+ 52. Kb3 Kd7 53. Kxa3 Kc6 54. Kb3 1/2-1/2

[Event "RUS-Cup4"]
[Site "Perm"]
[Date "1997.02.08"]
[Round "1"]
[White "Nureev, Garun"]
[Black "Lastin, Alexander"]
[Result "0-1"]
[WhiteElo "2370"]
[BlackElo "2535"]
[PlyCount "50"]
[EventDate "1997.02.02"]
[Source "ChessBase"]

1. e4 e6 2. Nf3 d5 3. Nc3 Nf6 4. e5 Nfd7 5. Ne2 c5 6. c3 b6 7. d4 Ba6 8. g3 Nc6 9. a3 Be7 10. h4 h6 11. Nf4 Qc8 12. Bh3 Qb7 13. Bxe6 fxe6 14. Nxe6 Rg8 15. Nfg5 hxg5 16. Qh5+ g6 17. Qh7 Ndxe5 18. Qxg8+ Kd7 19. Nxc5+ bxc5 20. Qxd5+ Kc7 21. dxe5 Rd8 22. Qe4 Qb3 23. f4 Rd1+ 24. Kf2 Bd3 25. Qe3 Qc2+ 0-1

[Event "EUCup 17th"]
[Site "Panormo"]
[Date "2001.09.27"]
[Round "5"]
[White "Salmensuu, Olli"]
[Black "Zilberman, Yaacov"]
[Result "1/2-1/2"]
[WhiteElo "2431"]
[BlackElo "2471"]
[PlyCount "95"]
[EventDate "2001.09.22"]
[Source "ChessBase"]
[SourceDate "2001.10.26"]

1. e4 e6 2. Nf3 d5 3. e5 c5 4. b4 cxb4 5. a3 Nh6 6. axb4 Bxb4 7. c3 Be7 8. d4 Nf5 9. g4 Nh4 10. Nxh4 Bxh4 11. Bd3 f6 12. O-O O-O 13. f4 fxe5 14. dxe5 Be7 15. Qc2 Bc5+ 16. Kg2 Qh4 17. Rf3 Nc6 18. Ba3 Nxe5 19. Bxh7+ Qxh7 20. Qxh7+ Kxh7 21. Bxc5 Nxf3 22. Bxf8 Ne1+ 23. Kf2 Nd3+ 24. Ke3 Nb2 25. Nd2 Bd7 26. Bc5 Na4 27. Bd4 a6 28. Nf3 Rc8 29. Ng5+ Kg8 30. Kd2 Nb2 31. Nf3 Nc4+ 32. Kc2 a5 33. Ne5 Nxe5 34. Bxe5 a4 35. h4 b5 36. Rb1 Rc4 37. Rb4 Re4 38. Kd2 Be8 39. h5 g6 40. hxg6 Rxb4 41. cxb4 Bxg6 42. Bd4 a3 43. Ke2 Kf7 44. Kf2 a2 45. Kg3 Bc2 46. Kh4 Kg6 47. Kg3 Bd1 48. Kh4 1/2-1/2

[Event "Spring Festival GM"]
[Site "Bucharest"]
[Date "2003.03.17"]
[Round "15"]
[White "Ardelean, George Catalin"]
[Black "Itkis, Boris"]
[Result "0-1"]
[WhiteElo "2450"]
[BlackElo "2452"]
[PlyCount "78"]
[EventDate "2003.03.04"]
[Source "Roberto Alvarez"]
[SourceDate "2003.03.17"]

1. e4 e6 2. Nf3 d5 3. e5 c5 4. b4 cxb4 5. a3 Nh6 6. axb4 Bxb4 7. c3 Be7 8. d4 Nf5 9. Bd3 Nc6 10. O-O h5 11. Na3 a6 12. Nc2 Na5 13. Ne3 g6 14. Qa4+ Nc6 15. Qb3 Rb8 16. Ba3 b5 17. Bxf5 gxf5 18. Bxe7 Qxe7 19. g3 a5 20. Nh4 Qd8 21. Rfe1 b4 22. Rad1 bxc3 23. Qxc3 Bd7 24. Nhxf5 exf5 25. Nxd5 Kf8 26. Nf6 Rh6 27. d5 Nxe5 28. Nxh5 Rxh5 29. Rxe5 Rh6 30. Rde1 Qb6 31. Re7 Rd8 32. Qe5 Qd6 33. Qe3 a4 34. Qg5 Qf6 35. Qe3 Qd6 36. Qg5 Qf6 37. Qe3 f4 38. Qe4 Kg7 39. Re5 Rg6 0-1

[Event "Sas van Gent"]
[Site "Sas van Gent NED"]
[Date "1992.??.??"]
[Round "?"]
[White "Martens, Martin"]
[Black "Farago, Ivan"]
[Result "1/2-1/2"]
[WhiteElo "2390"]
[BlackElo "2510"]
[PlyCount "29"]
[EventDate "1992.08.??"]
[Source "www.chesslib.no"]
[SourceDate "2004.05.04"]

1. e4 e6 2. Nf3 d5 3. e5 d4 4. d3 c5 5. g3 Nc6 6. Bg2 Nge7 7. O-O Nd5 8. Qe2 h6 9. c4 dxc3 10. bxc3 b6 11. c4 Nde7 12. Bb2 Bb7 13. Nbd2 Nf5 14. Nb3 Be7 15. g4 1/2-1/2

[Event "Riga"]
[Site "Riga"]
[Date "1981.??.??"]
[Round "1"]
[White "Bielczyk, Jacek"]
[Black "Ermenkov, Evgenij"]
[Result "1/2-1/2"]
[WhiteElo "2405"]
[BlackElo "2490"]
[PlyCount "33"]
[EventDate "1981.08.??"]
[Source "ChessBase"]

1. e4 e6 2. Nf3 d5 3. Nc3 c5 4. exd5 exd5 5. Bb5+ Nc6 6. O-O Nf6 7. d4 cxd4 8. Nxd4 Bd7 9. Bg5 Be7 10. Qd3 O-O 11. Nf5 Bxf5 12. Qxf5 Nd4 13. Qd3 Ne6 14. Bxf6 Bxf6 15. Nxd5 Bxb2 16. Rad1 Bd4 17. Qe4 1/2-1/2

[Event "Nationale I"]
[Site "Clermont Ferrand"]
[Date "2003.05.10"]
[Round "11.6"]
[White "Brochet, Philippe"]
[Black "Apicella, Manuel"]
[Result "0-1"]
[WhiteElo "2392"]
[BlackElo "2501"]
[PlyCount "96"]
[EventDate "2003.05.07"]
[Source "Roberto Alvarez"]
[SourceDate "2003.05.12"]

1. e4 e6 2. Nf3 d5 3. e5 c5 4. b4 cxb4 5. d4 Nc6 6. a3 bxa3 7. Bxa3 Bxa3 8. Nxa3 Qa5+ 9. Qd2 Qxd2+ 10. Kxd2 Nge7 11. Nb5 O-O 12. Bd3 f6 13. exf6 Rxf6 14. Rhb1 b6 15. Re1 Bd7 16. c3 Na5 17. Kc2 Ng6 18. Rab1 Nf4 19. Bf1 Be8 20. Kc1 Bg6 21. Rb2 Bd3 22. Ne5 Bxf1 23. Rxf1 Nxg2 24. Ra2 Ne3 25. Re1 Nec4 26. Nxc4 dxc4 27. Nc7 Raf8 28. Rxe6 Rxf2 29. Rxf2 Rxf2 30. d5 Nb3+ 31. Kb1 Nc5 32. Re7 Rd2 33. Re8+ Kf7 34. Rd8 Ne4 35. Rd7+ Kg6 36. Kc1 Rd3 37. Ne8 Rxc3+ 38. Kb2 Rb3+ 39. Kc2 Rc3+ 40. Kb2 Rb3+ 41. Kc2 Rh3 42. Rxg7+ Kf5 43. d6 Rxh2+ 44. Kc1 c3 45. d7 Rd2 46. Rxh7 Nc5 47. Rf7+ Kg6 48. Rf6+ Kg5 0-1

[Event "Ost"]
[Site "?"]
[Date "1997.??.??"]
[Round "3.2"]
[White "Prusikin Michael"]
[Black "Schmidt Wlodzimierz"]
[Result "0-1"]
[WhiteElo "2450"]
[BlackElo "2440"]
[PlyCount "142"]
[EventDate "1997.??.??"]
[Source "www.chesslib.no"]
[SourceDate "2004.05.04"]

1. e4 e6 2. Nf3 d5 3. e5 c5 4. g3 Nc6 5. Bg2 g6 6. O-O Bg7 7. Re1 Nge7 8. d3 b6 9. Qe2 Bb7 10. c3 h6 11. h4 Nf5 12. a3 a5 13. a4 Ba6 14. Na3 Ra7 15. Bf4 Rd7 16. Qd2 O-O 17. Nc2 Kh7 18. d4 Qe7 19. g4 Nxh4 20. Nxh4 g5 21. Bh2 gxh4 22. f4 cxd4 23. cxd4 Rc8 24. Bf1 Bxf1 25. Rxf1 Rdc7 26. f5 Nxe5 27. f6 Bxf6 28. dxe5 Bg5 29. Qd3+ Kg7 30. Nd4 Qb4 31. Bf4 Bxf4 32. Rxf4 Rc1+ 33. Rf1 Rxa1 34. Rxa1 Qxb2 35. Rb1 Rc1+ 36. Rxc1 Qxc1+ 37. Kg2 Qf4 38. Kh3 Qxe5 39. Nc6 Qa1 40. Qf3 Qxa4 41. Qc3+ f6 42. Nd4 Qd7 43. Qe3 h5 44. Kxh4 hxg4 45. Nxe6+ Kf7 46. Nd4 Qe7 47. Qf2 Qe4 48. Qb2 Kg6 49. Qxb6 a4 50. Ne6 Qf3 51. Qb1+ Kf7 52. Nf4 Qxf4 53. Qh7+ Ke6 54. Qg8+ Kd7 55. Qxd5+ Qd6 56. Qb7+ Qc7 57. Qd5+ Ke7 58. Qe4+ Qe5 59. Qb7+ Kd6 60. Qa6+ Ke7 61. Qa7+ Kf8 62. Kxg4 Qe4+ 63. Kg3 f5 64. Qb8+ Kg7 65. Qc7+ Kg6 66. Qd6+ Kh5 67. Qc5 Qd3+ 68. Kf4 a3 69. Qa5 Qe4+ 70. Kg3 Qe3+ 71. Kg2 Kg4 0-1

[Event "Riga"]
[Site "Riga"]
[Date "1981.??.??"]
[Round "5"]
[White "Bielczyk, Jacek"]
[Black "Ambroz, Jan"]
[Result "1/2-1/2"]
[WhiteElo "2405"]
[BlackElo "2485"]
[PlyCount "41"]
[EventDate "1981.08.??"]
[Source "ChessBase"]

1. e4 e6 2. Nf3 d5 3. Nc3 Nf6 4. e5 Nfd7 5. d4 Be7 6. Bf4 c5 7. dxc5 Nxc5 8. Qd2 O-O 9. O-O-O Nc6 10. Qe3 Bd7 11. Kb1 Rc8 12. h4 Qb6 13. Rh3 f5 14. exf6 Bxf6 15. Be5 Nxe5 16. Nxe5 Qc7 17. Nxd7 Qxd7 18. Ne4 Nxe4 19. Qxe4 Qc6 20. Qe2 Rc7 21. Re3 1/2-1/2

[Event "GER-ch"]
[Site "Bad Neuenahr"]
[Date "1991.??.??"]
[Round "15"]
[White "Buecker, Stefan"]
[Black "Hort, Vlastimil"]
[Result "0-1"]
[WhiteElo "2345"]
[BlackElo "2540"]
[PlyCount "104"]
[EventDate "1991.06.??"]
[Source "ChessBase"]

1. e4 e6 2. Nf3 d5 3. e5 c5 4. b4 cxb4 5. a3 Nc6 6. axb4 Bxb4 7. c3 Be7 8. d4 Bd7 9. Bd3 Na5 10. O-O a6 11. Ne1 h5 12. Ra2 Rc8 13. Re2 Nh6 14. Re3 g6 15. Rh3 Bc6 16. g4 Kd7 17. Bxh6 Rxh6 18. f4 Qh8 19. g5 Rh7 20. Rg3 Nc4 21. Qe2 Qd8 22. h4 Rh8 23. Ng2 Kc7 24. Bxc4 dxc4 25. Nd2 Kb8 26. Ne3 b5 27. Kh2 Bb7 28. Rgg1 Qc7 29. Rb1 Rhd8 30. Rb2 Rd7 31. Nef1 b4 32. Qe3 a5 33. Ng3 bxc3 34. Qxc3 Bb4 35. Rxb4 axb4 36. Qxb4 Rxd4 37. Nde4 Qc6 38. Rb1 Rxe4 39. Nxe4 c3 40. Qd6+ Qxd6 41. Nxd6 Rc7 42. Kg3 c2 43. Rc1 Rc3+ 44. Kf2 Rh3 45. Ke2 Rxh4 46. Ke3 Rh3+ 47. Kd4 Rh2 48. Nxf7 Rf2 49. Nh8 Rxf4+ 50. Ke3 Re4+ 51. Kf2 Rh4 52. Kg3 Rg4+ 0-1

[Event "Alushta Kaissa I"]
[Site "Alushta"]
[Date "2002.09.13"]
[Round "17"]
[White "Konstantinov, Alexandr"]
[Black "Nikitin, Andrey"]
[Result "1-0"]
[WhiteElo "2410"]
[BlackElo "2471"]
[PlyCount "61"]
[EventDate "2002.09.01"]
[Source "ChessBase"]
[SourceDate "2002.11.06"]

1. e4 e6 2. Nf3 d5 3. e5 c5 4. b4 cxb4 5. a3 Nh6 6. axb4 Bxb4 7. c3 Be7 8. d4 Nf5 9. Bd3 Nc6 10. g4 Nh4 11. Nxh4 Bxh4 12. O-O Bd7 13. f4 Be7 14. f5 Qc7 15. Na3 Na5 16. Nb5 Bxb5 17. Bxb5+ Nc6 18. fxe6 fxe6 19. g5 g6 20. Qg4 Qd7 21. Qh3 a6 22. Kh1 Rc8 23. Bd3 Kd8 24. Bxg6 Kc7 25. Bd3 Rcg8 26. Rf7 h6 27. g6 Nd8 28. Rh7 Rxh7 29. gxh7 Rh8 30. Bxh6 Nf7 31. Rf1 1-0

[Event "Alicante ESP"]
[Site "?"]
[Date "2000.??.??"]
[Round "5"]
[White "Janev Evgeni"]
[Black "Del Rio Angelis Salvador Gabr"]
[Result "0-1"]
[WhiteElo "2413"]
[BlackElo "2467"]
[PlyCount "92"]
[EventDate "2000.??.??"]
[Source "www.chesslib.no"]
[SourceDate "2004.05.04"]

1. e4 e6 2. Nf3 d5 3. Nc3 Bb4 4. a3 Bxc3 5. dxc3 dxe4 6. Qxd8+ Kxd8 7. Ng5 Ke7 8. Nxe4 Nd7 9. c4 b6 10. Nc3 Bb7 11. Be3 h5 12. f3 Nh6 13. Bd3 f6 14. O-O-O Ne5 15. Bf4 Nhf7 16. c5 g5 17. Bxe5 Nxe5 18. Be4 Bxe4 19. Nxe4 Rad8 20. Rde1 Rd5 21. h4 g4 22. f4 Nc6 23. Re3 Nd4 24. Rhe1 Nf5 25. Rc3 Nxh4 26. cxb6 cxb6 27. Rc7+ Rd7 28. Rxd7+ Kxd7 29. Rh1 Nxg2 30. Nxf6+ Ke7 31. Rxh5 Rxh5 32. Nxh5 Kf7 33. Kd2 Kg6 34. Ng3 Nxf4 35. Ke3 Nh5 36. Ne4 Kf5 37. Nd6+ Ke5 38. Nc8 Ng7 39. Nxa7 Nf5+ 40. Kf2 Kf4 41. Nb5 g3+ 42. Kg1 Kf3 43. a4 e5 44. Nc3 Nd4 45. Kf1 e4 46. Nxe4 g2+ 0-1

[Event "Copa de IV"]
[Site "Mestres Copa de IV"]
[Date "1995.??.??"]
[Round "?"]
[White "Rodriguez, Guillermo"]
[Black "Frank, Mario Alberto"]
[Result "1-0"]
[WhiteElo "2530"]
[BlackElo "2350"]
[PlyCount "47"]
[EventDate "1995.??.??"]
[Source "www.chesslib.no"]
[SourceDate "2004.05.04"]

1. e4 e6 2. Nf3 d5 3. e5 c5 4. b4 cxb4 5. a3 bxa3 6. d4 Nc6 7. c3 f6 8. Bd3 fxe5 9. dxe5 Qc7 10. Qe2 Bd7 11. O-O Nge7 12. Nxa3 Ng6 13. Nb5 Qb8 14. c4 dxc4 15. Bxg6+ hxg6 16. Rd1 Qc8 17. Qxc4 Kf7 18. Ba3 Bxa3 19. Rxa3 Kg8 20. Nd6 Qb8 21. Rad3 Rh5 22. g4 Rh3 23. Nf7 Be8 24. N7g5 1-0

[Event "Biel op"]
[Site "Biel"]
[Date "1992.??.??"]
[Round "5"]
[White "Rahls, Peter"]
[Black "Hodgson, Julian M"]
[Result "0-1"]
[WhiteElo "2340"]
[BlackElo "2535"]
[PlyCount "53"]
[EventDate "1992.07.??"]
[Source "ChessBase"]

1. e4 e6 2. Nf3 d5 3. e5 c5 4. b4 cxb4 5. d4 b6 6. Bb5+ Bd7 7. Bd3 Nc6 8. O-O Nge7 9. Nbd2 Ng6 10. g3 Be7 11. h4 O-O 12. Nb3 a5 13. Be3 f5 14. exf6 gxf6 15. h5 Nh8 16. Bh6 Re8 17. Ne5 Nxe5 18. dxe5 f5 19. Bxf5 exf5 20. Qxd5+ Nf7 21. e6 Bxe6 22. Qxe6 Bf6 23. Qxf5 Nxh6 24. Qf4 Bxa1 25. Rxa1 Nf7 26. Nd4 Qg5 27. Qf3 0-1

[Event "UKR-ch U18"]
[Site "?"]
[Date "2002.02.??"]
[Round "3"]
[White "Smirnov Igor"]
[Black "Drozdovskij Yuri"]
[Result "1-0"]
[WhiteElo "2422"]
[BlackElo "2449"]
[PlyCount "121"]
[EventDate "2002.??.??"]
[Source "www.chesslib.no"]
[SourceDate "2004.05.04"]

1. e4 e6 2. Nf3 d5 3. Nc3 Bb4 4. e5 Ne7 5. Ne2 c5 6. c3 Ba5 7. d4 cxd4 8. Nexd4 Nbc6 9. Bd3 Ng6 10. Qe2 O-O 11. O-O f6 12. Bxg6 hxg6 13. exf6 Nxd4 14. f7+ Rxf7 15. cxd4 Bb6 16. Bg5 Qd6 17. Rad1 Bd7 18. Ne5 Rf5 19. f4 Be8 20. Kh1 Bd8 21. Bxd8 Rxd8 22. h4 Qb6 23. Qd2 Rf8 24. Rc1 Bf7 25. Qc3 Qa6 26. a3 Qb5 27. Rf2 Ra8 28. Rfc2 Be8 29. g3 Qa4 30. Qb4 Qxb4 31. axb4 Bc6 32. Nxg6 Rfe8 33. Rc5 a6 34. Ne5 Kf8 35. Kg2 Rec8 36. Kf3 Ke7 37. g4 Kd6 38. h5 Rc7 39. g5 Rh8 40. Kg4 Rf8 41. Ra1 Rcc8 42. Nxc6 Rxc6 43. Rxc6+ Kxc6 44. Rc1+ Kd6 45. Rc5 Rh8 46. b5 axb5 47. Rxb5 Kc6 48. Rc5+ Kd6 49. Rc3 Ra8 50. h6 gxh6 51. gxh6 Ke7 52. Rc7+ Kf6 53. Rxb7 Ra1 54. h7 Rh1 55. b4 Rg1+ 56. Kf3 Rh1 57. Kg2 Rh6 58. b5 Kf5 59. b6 e5 60. fxe5 Rg6+ 61. Kf3 1-0

[Event "Passau op 4th"]
[Site "?"]
[Date "1996.??.??"]
[Round "2"]
[White "Rahls Peter"]
[Black "Dolmatov Sergey"]
[Result "0-1"]
[WhiteElo "2230"]
[BlackElo "2640"]
[PlyCount "90"]
[EventDate "1996.??.??"]
[Source "www.chesslib.no"]
[SourceDate "2004.05.04"]

1. e4 e6 2. Nf3 d5 3. e5 c5 4. b4 cxb4 5. d4 Nc6 6. a3 Nh6 7. axb4 Bxb4+ 8. c3 Be7 9. Bd3 Nf5 10. h4 h5 11. Bg5 Bd7 12. Bxf5 exf5 13. Qb3 Bxg5 14. Nxg5 Qe7 15. Qxb7 Rb8 16. Qc7 f6 17. Nf3 Rc8 18. Qd6 Qxd6 19. exd6 Be6 20. O-O Kd7 21. c4 Kxd6 22. Nc3 a5 23. Rfb1 Rb8 24. Rc1 Rb4 25. cxd5 Bxd5 26. Nxd5 Kxd5 27. Rc5+ Kd6 28. Rac1 Rb6 29. d5 Ne5 30. Nxe5 fxe5 31. Rxa5 Rhb8 32. Kh2 g6 33. Rc3 e4 34. f3 Re8 35. Kg3 e3 36. Ra1 Rb4 37. Re1 f4+ 38. Kh3 Kxd5 39. g3 Kd4 40. Ra3 e2 41. gxf4 Re3 42. Ra6 Rxf3+ 43. Kg2 Rxf4 44. Rxg6 Ke3 45. Re6+ Rbe4 0-1

[Event "Paris Ch"]
[Site "Paris FRA"]
[Date "1990.??.??"]
[Round "?"]
[White "Schmidt, Kresten"]
[Black "Vaisser, Anatoli V"]
[Result "0-1"]
[WhiteElo "2330"]
[BlackElo "2540"]
[PlyCount "46"]
[EventDate "1990.05.??"]
[Source "www.chesslib.no"]
[SourceDate "2004.05.04"]

1. e4 e6 2. Nf3 d5 3. e5 c5 4. b4 cxb4 5. a3 Nc6 6. axb4 Bxb4 7. c3 Be7 8. d4 f6 9. Bd3 fxe5 10. dxe5 Nh6 11. Bxh6 gxh6 12. O-O O-O 13. Ra4 Rf7 14. Re1 Bd7 15. Nbd2 Kh8 16. Nf1 Qg8 17. Ng3 Raf8 18. c4 Rxf3 19. gxf3 Nd4 20. Rxa7 Nxf3+ 21. Kg2 Nxe1+ 22. Qxe1 Bc6 23. Qe3 d4+ 0-1

[Event "Polish Extraleague"]
[Site "Lubniewice"]
[Date "2003.09.01"]
[Round "3"]
[White "Gajewski, Grzegorz"]
[Black "Schmidt, Wlodzimierz"]
[Result "0-1"]
[WhiteElo "2456"]
[BlackElo "2406"]
[PlyCount "58"]
[EventDate "2003.08.30"]
[Source "Roberto Alvarez"]
[SourceDate "2003.09.15"]

1. e4 e6 2. Nf3 d5 3. e5 c5 4. b4 d4 5. bxc5 Bxc5 6. Ba3 Qa5 7. Bxc5 Qxc5 8. c3 Nc6 9. cxd4 Nxd4 10. Qa4+ Nc6 11. Nc3 Qa5 12. Qf4 Nge7 13. Bd3 Nb4 14. Bb1 Nbd5 15. Nxd5 Nxd5 16. Qg5 Kf8 17. O-O Bd7 18. Be4 Bc6 19. Rac1 h6 20. Qh4 Qd8 21. Qg3 Nc3 22. Rxc3 Bxe4 23. Qf4 Bd5 24. Rfc1 Kg8 25. Rc7 Qe8 26. Nd4 Kh7 27. Rxf7 Rf8 28. Rcc7 Rxf7 29. Rxf7 Rc8 0-1

[Event "RUS-chT"]
[Site "?"]
[Date "1997.??.??"]
[Round "?"]
[White "Goncharov Vladislav"]
[Black "Rustemov Alexander"]
[Result "0-1"]
[WhiteElo "2310"]
[BlackElo "2550"]
[PlyCount "66"]
[EventDate "1997.??.??"]
[Source "www.chesslib.no"]
[SourceDate "2004.05.04"]

1. e4 e6 2. Nf3 d5 3. Nc3 dxe4 4. Nxe4 Bd7 5. d4 Bc6 6. Bd3 Nd7 7. O-O Ngf6 8. Qe2 Be7 9. Ne5 Nxe5 10. dxe5 Nxe4 11. Bxe4 Bxe4 12. Qxe4 Qd5 13. Qxd5 exd5 14. Be3 O-O-O 15. Rad1 c5 16. c3 Kc7 17. f4 Kc6 18. Kf2 f6 19. exf6 Bxf6 20. Kf3 h5 21. Rfe1 Rhe8 22. Bf2 b5 23. h3 a5 24. Rxe8 Rxe8 25. Re1 Rxe1 26. Bxe1 h4 27. b3 Kd6 28. c4 dxc4 29. Bxa5 cxb3 30. axb3 Kd5 31. g3 hxg3 32. Kxg3 Ke4 33. h4 b4 0-1

[Event "Bucuresti"]
[Site "?"]
[Date "2000.??.??"]
[Round "?"]
[White "Ardelean, G."]
[Black "Miljanic, B."]
[Result "1-0"]
[WhiteElo "2435"]
[BlackElo "2425"]
[PlyCount "67"]
[EventDate "2000.??.??"]
[Source "Chess Informant"]
[SourceDate "2000.02.01"]

1. e4 e6 2. Nf3 d5 3. e5 c5 4. b4 b6 5. c3 Qd7 6. a3 Ne7 7. d4 Ba6 8. Bxa6 Nxa6 9. Qe2 Nc7 10. bxc5 bxc5 11. dxc5 Nf5 12. g4 Nh6 13. Nd4 Bxc5 14. Nd2 Bxd4 15. cxd4 Qa4 16. Nf3 Nxg4 17. Rg1 Nh6 18. Bxh6 gxh6 19. Qd2 Nb5 20. Rg3 Rc8 21. Rc1 Ke7 22. Qxh6 Rxc1+ 23. Qxc1 Qxa3 24. Qg5+ Kd7 25. Kf1 Qd3+ 26. Kg2 Nxd4 27. Qf4 Nf5 28. Qa4+ Kd8 29. Qxa7 Nxg3 30. hxg3 Rf8 31. Nd4 Qc4 32. Qb8+ Kd7 33. Qd6+ Kc8 34. Qxf8+ 1-0

[Event "Corr"]
[Site "?"]
[Date "2000.06.20"]
[Round "?"]
[White "Perlo Gerardus van (NED)"]
[Black "Nienhuis Kier H. (NED)"]
[Result "0-1"]
[WhiteElo "2448"]
[BlackElo "2409"]
[PlyCount "80"]
[EventDate "2000.??.??"]
[Source "www.chesslib.no"]
[SourceDate "2004.05.04"]

1. e4 e6 2. Nf3 d5 3. e5 c5 4. b4 cxb4 5. a3 Nc6 6. axb4 Bxb4 7. c3 Be7 8. d4 f5 9. Bd3 Nh6 10. Bxh6 gxh6 11. Nfd2 O-O 12. Qh5 Kg7 13. Nb3 Qe8 14. Qxe8 Rxe8 15. g4 fxg4 16. Rg1 h5 17. h3 Kh8 18. hxg4 Rg8 19. Rh1 h4 20. f3 Bd7 21. Na3 Raf8 22. Rh3 h5 23. gxh5 Be8 24. h6 a6 25. Nc2 Bg6 26. Bxg6 Rxg6 27. Ne3 Rxh6 28. Ng4 Rh5 29. Ke2 Kg7 30. Nf2 Ra8 31. Nd3 b6 32. Ra4 Rhh8 33. Rh1 Kf7 34. Rha1 a5 35. c4 dxc4 36. Rxc4 Nb4 37. Nxb4 axb4 38. Rh1 Ra3 39. Nd2 Rg8 40. Kf2 Rc3 0-1

[Event "Petrosian Mem Open"]
[Site "Yerevan"]
[Date "2004.11.20"]
[Round "2"]
[White "Hayrapetian, Arman"]
[Black "Minasian, Ara"]
[Result "0-1"]
[WhiteElo "2333"]
[BlackElo "2524"]
[PlyCount "58"]
[EventDate "2004.11.18"]
[Source "Roberto Alvarez"]
[SourceDate "2004.11.29"]

1. e4 e6 2. Nf3 d5 3. e5 c5 4. b4 cxb4 5. a3 d4 6. axb4 Bxb4 7. c3 dxc3 8. Qa4+ Nc6 9. dxc3 Bc5 10. Qg4 Nge7 11. Qxg7 Rg8 12. Qxh7 Qb6 13. Qc2 Ng6 14. Qe2 Qc7 15. Na3 Ncxe5 16. Nxe5 Qxe5 17. Nb5 Ke7 18. Ba3 Bxa3 19. Qxe5 Nxe5 20. Rxa3 Nc6 21. h4 Bd7 22. h5 a6 23. Nd4 Nxd4 24. cxd4 Rg4 25. Be2 Rxd4 26. Bf3 Bb5 27. Bxb7 Rb8 28. Bf3 Bc4 29. Ra1 Rb5 0-1

[Event "Bucharest Supercom Cup"]
[Site "Bucharest"]
[Date "2002.03.26"]
[Round "9"]
[White "Ardelean, George Catalin"]
[Black "Nanu, Ciprian"]
[Result "1/2-1/2"]
[WhiteElo "2444"]
[BlackElo "2412"]
[PlyCount "106"]
[EventDate "2002.03.17"]
[Source "ChessBase"]
[SourceDate "2002.05.03"]

1. e4 e6 2. Nf3 d5 3. e5 c5 4. b4 cxb4 5. a3 bxa3 6. c3 Nc6 7. d4 f6 8. Bd3 fxe5 9. dxe5 Qc7 10. Qe2 Nb4 11. Bb5+ Bd7 12. Bxd7+ Kxd7 13. Bxa3 Nc6 14. O-O Nh6 15. c4 d4 16. Rd1 Ke8 17. Bxf8 Rxf8 18. Na3 Qe7 19. Nb5 Kf7 20. Nfxd4 Nxd4 21. Rxd4 Nf5 22. Rd3 Kg8 23. Rad1 Rfd8 24. Nd6 b6 25. Nxf5 exf5 26. Qf3 Rf8 27. Qd5+ Kh8 28. f4 a5 29. Qd6 Qxd6 30. Rxd6 Rfb8 31. Rb1 a4 32. Rdxb6 Rxb6 33. Rxb6 a3 34. Rb1 Kg8 35. Ra1 a2 36. Kf2 Kf7 37. Ke3 Ke6 38. h4 g6 39. Kd4 h6 40. Kc3 g5 41. hxg5 hxg5 42. fxg5 Kxe5 43. g6 Ra7 44. g7 Rxg7 45. Rxa2 Rg3+ 46. Kb4 Kd6 47. Rf2 Kc6 48. Rxf5 Rxg2 49. Rf6+ Kc7 50. Kb5 Rg1 51. Rf7+ Kc8 52. c5 Rg6 53. c6 Rg1 1/2-1/2

[Event "Luzern ol (Men)"]
[Site "Lucerne SUI"]
[Date "1982.??.??"]
[Round "10"]
[White "Fernandez Garcia, Jose L"]
[Black "Kuligowski, Adam"]
[Result "0-1"]
[WhiteElo "2405"]
[BlackElo "2450"]
[PlyCount "70"]
[EventDate "1982.10.??"]
[Source "www.chesslib.no"]
[SourceDate "2004.05.04"]

1. e4 e6 2. Nf3 d5 3. Nc3 d4 4. Ne2 c5 5. c3 Nf6 6. Ng3 a6 7. cxd4 cxd4 8. a3 h5 9. h4 Nc6 10. Qa4 Bd7 11. d3 Ng4 12. Be2 Bd6 13. Rh3 Qc7 14. Qb3 Ne3 15. fxe3 Bxg3+ 16. Kf1 Bd6 17. Nxd4 Nxd4 18. exd4 e5 19. Rg3 exd4 20. Rxg7 Be6 21. Qa4+ b5 22. Qd1 Bf8 23. Rg5 Qh2 24. Qe1 Qh1+ 25. Kf2 Qxh4+ 26. Kf1 Qh2 27. Qg3 Qh1+ 28. Kf2 Rc8 29. Qe5 Rxc1 30. Rxc1 Qxc1 31. Qb8+ Ke7 32. Qe5 f6 33. Qc5+ Qxc5 34. Rxc5 Kd7 35. Bxh5 Bxc5 0-1

[Event "GER-ch"]
[Site "Bad Neuenahr"]
[Date "1991.??.??"]
[Round "11"]
[White "Buecker, Stefan"]
[Black "Uhlmann, Wolfgang"]
[Result "1-0"]
[WhiteElo "2345"]
[BlackElo "2510"]
[PlyCount "63"]
[EventDate "1991.06.??"]
[Source "ChessBase"]

1. e4 e6 2. Nf3 d5 3. e5 c5 4. b4 cxb4 5. a3 d4 6. Bb2 Nc6 7. Bb5 Bd7 8. O-O Nxe5 9. Nxe5 Bxb5 10. Nxf7 Kxf7 11. Qh5+ g6 12. Qxb5 Qb6 13. Qc4 Bg7 14. axb4 Ne7 15. Na3 Rhc8 16. Qb3 Nd5 17. b5 a6 18. Rfe1 axb5 19. Nxb5 Rxa1 20. Bxa1 Rc6 21. Bb2 Bf6 22. Ba3 Nc7 23. Qb4 e5 24. Qf8+ Ke6 25. Qc8+ Kd5 26. Qd7+ Kc4 27. Nc3 Qa5 28. Bf8 Qa8 29. Ne4 Qe8 30. Nd6+ Rxd6 31. Qxd6 Qc6 32. d3+ 1-0